000 00568nam a2200193Ia 4500
003 GCL
008 140319s9999 xx 000 0 ara d
040 _aGCL /
_cGCL
082 0 4 _a796.34
_bا ا
100 1 _aايلين وديع فرج
245 1 0 _aالتنس: تعليم, تدريب, تقيم, تحكيم /
_cايلين وديع فرج
260 _a[S.N] :
_bمنشاة المعارف ،
_c1912
300 _a229 ص
490 _a
650 0 4 _aالالعاب الرياضية
650 0 4 _aالعاب الكرة
650 0 4 _aالتنس
942 _2ddc
_cBK
999 _c58875
_d58875